| 000 | 00596nam a2200169 a 4500 | ||
|---|---|---|---|
| 008 | 100804s2010 ||||||||||||||||| || u | ||
| 020 | _a9781405132718 | ||
| 050 | _aJZ 1318 Rit | ||
| 100 | _aRitzer, George | ||
| 245 | 1 | 0 |
_aGlobalization: a basic text _cby George Ritzer |
| 260 |
_aOxford: _bWiley-Blackwell _c2010 |
||
| 300 | _axvi, 592p.: ill | ||
| 350 | _a0.00 | ||
| 500 | _aIncludes Index | ||
| 650 | 0 | _aGLOBALIZATION | |
| 995 |
_D0.00 _FCBU-MAIN LIBRARY (Kitwe) _H1 _I0.00 _M1 _UAVAILABLE _WAug 19, 2010 _ZMain Library Open Access Collection |
||
| 999 |
_c44725 _d44725 |
||